00593nam a2200121Ia 4500008004100000100003600041245010600077245015000183260005300333260000900386650001500395856006100410170221s9999 xx 000 0 und d aTatiana Konstantinovna Belyaeva 4aThe Model of Pedagogical Work Differentiation in the Framework of the Teacher Training Modernization  cTatiana Konstantinovna Belyaeva, Natalya Vladimirovna Belinova, Irina Rafailovna Novik, Tatiana Leonidovna Shabanova, Mikhail Yurievich Shlyakhov bInternational Review of Management and Marketing c2012 xMarketing. uhttp://www.econjournals.com/index.php/irmm/issue/view/75